MARC details
| 000 -LEADER |
| fixed length control field |
01791 a2200409 4500 |
| 001 - CONTROL NUMBER |
| control field |
63906 |
| 003 - CONTROL NUMBER IDENTIFIER |
| control field |
TR-AnTOB |
| 005 - DATE AND TIME OF LATEST TRANSACTION |
| control field |
20200422121545.0 |
| 008 - FIXED-LENGTH DATA ELEMENTS--GENERAL INFORMATION |
| fixed length control field |
071003s2005 enka b 000 0 eng |
| 010 ## - LIBRARY OF CONGRESS CONTROL NUMBER |
| LC control number |
2005010537 |
| 020 ## - INTERNATIONAL STANDARD BOOK NUMBER |
| International Standard Book Number |
0521781248 (hardback) |
| 040 ## - CATALOGING SOURCE |
| Original cataloging agency |
DLC |
| Transcribing agency |
DLC |
| Modifying agency |
DLC |
| 041 ## - LANGUAGE CODE |
| Language code of text/sound track or separate title |
İngilizce |
| 042 ## - AUTHENTICATION CODE |
| Authentication code |
pcc |
| 050 #0 - LIBRARY OF CONGRESS CALL NUMBER |
| Classification number |
TA357.5.T87 |
| Item number |
L47 2005 |
| 090 ## - LOCALLY ASSIGNED LC-TYPE CALL NUMBER (OCLC); LOCAL CALL NUMBER (RLIN) |
| Classification number (OCLC) (R) ; Classification number, CALL (RLIN) (NR) |
TA357.5.T87 L47 2005 |
| 100 ## - MAIN ENTRY--PERSONAL NAME |
| Personal name |
Lesieur, Marcel |
| 9 (RLIN) |
36871 |
| 245 #0 - TITLE STATEMENT |
| Title |
Large-eddy simulations of turbulence / |
| Statement of responsibility, etc. |
Marcel Lesieur, Olivier Mâetais, Pierre Comte. |
| 264 #1 - PRODUCTION, PUBLICATION, DISTRIBUTION, MANUFACTURE, AND COPYRIGHT NOTICE |
| Place of production, publication, distribution, manufacture |
Cambridge ; |
| -- |
New York : |
| Name of producer, publisher, distributor, manufacturer |
Cambridge University Press, |
| Date of production, publication, distribution, manufacture, or copyright notice |
2005. |
| 300 ## - PHYSICAL DESCRIPTION |
| Extent |
xi, 219 p. : |
| Other physical details |
ill. ; |
| Dimensions |
26 cm. |
| 504 ## - BIBLIOGRAPHY, ETC. NOTE |
| Bibliography, etc. note |
|
| 650 ## - SUBJECT ADDED ENTRY--TOPICAL TERM |
| Topical term or geographic name entry element |
Eddies |
| General subdivision |
Mathematical models |
| 9 (RLIN) |
36874 |
|
| Topical term or geographic name entry element |
Türbülans |
| General subdivision |
Matematiksel modeller |
| 9 (RLIN) |
28840 |
|
| Topical term or geographic name entry element |
Turbulence |
| General subdivision |
Mathematical models |
| 9 (RLIN) |
28838 |
| 700 ## - ADDED ENTRY--PERSONAL NAME |
| Personal name |
Mâetais, O., |
| Fuller form of name |
(Olivier) |
| 9 (RLIN) |
36872 |
|
| Personal name |
Comte, P., |
| Fuller form of name |
(Pierre) |
| 9 (RLIN) |
36873 |
| 856 #4 - ELECTRONIC LOCATION AND ACCESS |
| Uniform Resource Identifier |
<a href="http://www.loc.gov/catdir/toc/ecip0511/2005010537.html">http://www.loc.gov/catdir/toc/ecip0511/2005010537.html</a> |
| Materials specified |
Table of contents only |
| 857 #4 - |
| -- |
http://www.loc.gov/catdir/enhancements/fy0632/2005010537-d.html |
| -- |
Publisher description |
| 858 #4 - |
| -- |
http://www.loc.gov/catdir/enhancements/fy0732/2005010537-b.html |
| -- |
Contributor biographical information |
| 901 ## - LOCAL DATA ELEMENT A, LDA (RLIN) |
| a |
0020976 |
| 902 ## - LOCAL DATA ELEMENT B, LDB (RLIN) |
| a |
SA |
| 906 ## - LOCAL DATA ELEMENT F, LDF (RLIN) |
| a |
7 |
| b |
cbc |
| c |
orignew |
| d |
1 |
| e |
ecip |
| f |
20 |
| g |
y-gencatlg |
| 925 #0 - |
| -- |
acquire |
| -- |
2 shelf copies |
| -- |
policy default |
| 955 ## - COPY-LEVEL INFORMATION (RLIN) |
| -- |
jf04 2005-04-14 to S.L. |
| -- |
jf04 2005-04-14 to Dewey |
| -- |
jf03 2005-10-12; |
| -- |
jf03 2005-10-12 to BCCD |
| 942 ## - ADDED ENTRY ELEMENTS (KOHA) |
| Koha item type |
Book |